000
00342 a2200157 4500
001
166413
020
_a
040
_c
Magnum
100
_a
Macedo, Roberto
240
1
0
_a
Eles fizeram a historia do brasil
_l
por
245
1
0
_a
Eles fizeram a historia do brasil
362
0
_a
1899
440
1
_a
Record
697
_a
J/FICCAO
942
_c
BK
999
_c
166413
_d
166413